Loading...
| Fine Arts - Other | 0 | 6 | 0 | 1 | 60 | 85 | 122.67 | 0 | 1 | 0.00 | 0.00 |
| History - European | 0 | 6 | 0 | 2 | 60 | 66 | 106.83 | 1 | 2 | 0.00 | 0.00 |
| Painting & Sculpture | 0 | 6 | 1 | 2 | 55 | 59 | 113.67 | 1 | 2 | 0.00 | 0.00 |
| History - American | 0 | 4 | 1 | 1 | 35 | 102 | 120.25 | 0 | 0 | 0.00 | 0.00 |
| Mythology | 0 | 3 | 0 | 2 | 30 | 72 | 122.67 | 0 | 0 | 0.00 | 0.00 |
| Current Events | 0 | 3 | 0 | 1 | 30 | 59 | 109.00 | 0 | 0 | 0.00 | 0.00 |
| Any History | 0 | 4 | 2 | 0 | 30 | 50 | 81.25 | 0 | 2 | 0.00 | 0.00 |
| Religion | 0 | 3 | 0 | 0 | 30 | 75 | 86.33 | 0 | 1 | 0.00 | 0.00 |
| Other Academic | 0 | 3 | 1 | 2 | 25 | 104 | 135.00 | 0 | 0 | 0.00 | 0.00 |
| Literature - American | 0 | 2 | 0 | 1 | 20 | 120 | 133.50 | 0 | 0 | 0.00 | 0.00 |
| Literature - World | 0 | 2 | 0 | 0 | 20 | 111 | 126.50 | 0 | 0 | 0.00 | 0.00 |
| Philosophy | 0 | 2 | 0 | 0 | 20 | 115 | 126.50 | 0 | 0 | 0.00 | 0.00 |
| Literature - British | 0 | 1 | 0 | 0 | 10 | 103 | 103.00 | 0 | 0 | 0.00 | 0.00 |
| Fine Arts - Classical Music | 0 | 2 | 2 | 1 | 10 | 125 | 138.00 | 0 | 0 | 0.00 | 0.00 |
| Geography | 0 | 1 | 0 | 0 | 10 | 118 | 118.00 | 0 | 0 | 0.00 | 0.00 |
| History - World | 0 | 1 | 0 | 0 | 10 | 117 | 117.00 | 0 | 0 | 0.00 | 0.00 |
| Science - Other | 0 | 1 | 0 | 0 | 10 | 128 | 128.00 | 0 | 0 | 0.00 | 0.00 |
| Social Science | 0 | 1 | 1 | 0 | 5 | 77 | 77.00 | 1 | 1 | 0.00 | 0.00 |
| Literature - European | 0 | 0 | 1 | 0 | -5 | 0.00 | 0 | 0 | 0.00 | 0.00 |